General chemmistry in the laboratory

সংরক্ষণ করুন:
গ্রন্থ-পঞ্জীর বিবরন
প্রধান লেখক: Roberts, Julian L.
বিন্যাস: গ্রন্থ
ভাষা:Undetermined
প্রকাশিত: New York W. H. Freeman and company 1961
বিষয়গুলি:
ট্যাগগুলো: ট্যাগ যুক্ত করুন
কোনো ট্যাগ নেই, প্রথমজন হিসাবে ট্যাগ করুন!
Thư viện lưu trữ: Trung tâm Học liệu Trường Đại học Cần Thơ
LEADER 00544nam a2200181Ia 4500
001 CTU_125736
008 210402s9999 xx 000 0 und d
082 |a 540 
082 |b R645 
100 |a Roberts, Julian L. 
245 0 |a General chemmistry in the laboratory 
245 0 |c Julian L. Roberts, J. Leland Hollenberg, James M. Postma 
260 |a New York 
260 |b W. H. Freeman and company 
260 |c 1961 
650 |a Chemistry,General chemistry 
904 |i Hiếu 
980 |a Trung tâm Học liệu Trường Đại học Cần Thơ